000 00857nam a2200229 i 4500
999 _c31006
_d31006
005 20181219140855.0
010 _aB-359323
020 _a9788174823809
_c480.00
035 _aB-359323
035 _aB-419982-016, B-131165
037 _bUBH/122/12.10.09/BL4/RP/10/20.10.09
037 _bUBH
082 _a510
100 _aAlok Kumar
245 _aUpkar's CSIR-UGC NET/JRF/SLET mathematical sciences (paper I & II )
_bobjective & descriptive type questions /
_cby Alok Kumar
260 _aAgra
_bUpkar Prakashan
_c(200?)
270 _a2/11A, Swadeshi Bima Nagar,
_bAgra
_e282002
300 _aVarious pagings
_c26cm(pbk)
942 _2ddc
_cEN
_h510
_mALO